| 000 | 01089nam a22002537a 4500 | ||
|---|---|---|---|
| 005 | 20170124102944.0 | ||
| 010 | _aA-952232 | ||
| 020 | _c65.00 | ||
| 035 | _aA-952232 | ||
| 037 | _bCen Lib/Ret | ||
| 040 |
_aDPL _bHN |
||
| 082 |
_a821 _bकर्दम |
||
| 100 |
_aकर्दम, जयप्रकाश _949246 |
||
| 245 |
_aगूंगा नहीं था मैं / _cजयप्रकाश कर्दम |
||
| 246 |
_aGoonga nahin tha main / _bby Jayprakash Kardam |
||
| 260 |
_aदिल्ली _bअतिश प्रकाशन _c1997 |
||
| 270 |
_aपॉकेट-ऍफ़-1, 9-बी, डी.डी.ए. फ्लैट, जी-8 एरिया, हरिनगर _bदिल्ली _e110064 |
||
| 300 |
_a72पृ. _c21सेमी(सजिल्द) |
||
| 650 |
_aहिंदी साहित्य _949247 |
||
| 650 |
_aहिंदी साहित्य -- कविता _93490 |
||
| 650 |
_aHindi literature _949248 |
||
| 650 |
_aHindi literature -- Poetry _949249 |
||
| 942 |
_2ddc _cHN _h821 _mकर्दम |
||
| 999 |
_c112803 _d112803 |
||